000 01232nam a2200325 i 4500
001 13787
003 ES-MaACL
005 20230906150649.0
007 t|
008 980706s1976 sp |||| | spa d
020 _a84-500-7480-0
080 _a262.3(463.2)(091)".../15"(093.3)
080 _a946".../15"(093.3)
080 _a930:9".../15"(093.3)
100 1 _aFernández de Madrid, Alonso.
_949686
245 1 0 _aSilva Palentina /
_ccompuesta por Alonso Fernández de Madrid ; nueva ed. preparada por... Jesús San Martín Payo... conforme a la anotada por... Matías Vielva y Ramón Revilla.
260 _aPalencia :
_bDiputación Provincial,
_c1976.
300 _aXXXV, 849 p., 1h., 26 h. de lám. :
_bil. ;
_c25 cm.
490 1 _aPallantia ;
_v1
500 _aÍndices.
651 4 _aPalencia (Provincia)-
_xHistoria eclesiástica-
_vFuentes.
_9167859
651 4 _aEspaña-
_xHistoria-
_y0414-1474-
_vFuentes.
_9157982
700 1 _aSan Martín Payo, Jesús.
_9102274
700 1 _aVielva, Matías.
_9114581
700 1 _aRevilla, Ramón.
_996434
710 1 _aPalencia (Provincia).
_bDiputación Provincial.
_96107
830 0 _aPallantia ;
_v1
_9228458
852 _aES-MaACL
_jL-21189
999 _c13787
_d13787